000 00282nam a22001337a 4500
008 170511b xxu||||| |||| 00| 0 eng d
020 _a9780943497662
041 _aeng
080 _a347
100 _a15
101 _aSHJ
245 _aTRIALAND ERROR
_cGRANT ,G
942 _2udc
_cBK
999 _c13112
_d13112